| 000 | 00498nam a2200169 i 4500 | ||
|---|---|---|---|
| 001 | 23727 | ||
| 003 | ES-MaACL | ||
| 005 | 20250822063114.0 | ||
| 007 | t| | ||
| 008 | 021212s1973 sp ||||1| spa d | ||
| 100 | 1 |
_aAmengual i Batle, Josep, _d1938- _921201 |
|
| 245 | 1 | 3 |
_aLa atracción del Padre y la fe en Cristo / _cJosepho Amengual Batle. |
| 260 |
_aBilbao : _b[Mensajero], _c1973. |
||
| 300 |
_a168 p. ; _c23 cm. |
||
| 852 |
_aES-MaACL _jC-52337 _bR.85900 |
||
| 999 |
_c23727 _d23727 |
||